• 首页
  • 本馆介绍
  • 公告通知
  • 最新文献
  • 馆藏检索
  • 电子资源
  • 读者导购
  • 参考咨询
  • 我的图书馆
  • 登录
  • 详细信息显示
  • 放入我的书架
  • 预约/预借图书
  • 作者相关作品
  • 分类相关作品
  • 丛书相关作品
  • 出版社相关作品

书目信息

  • 表格格式
  • 工作单格式
  • 卡片格式
题名:
特大型工程投资项目的利益冲突治理现代化
    
 
作者: 贺正齐 , 黄德春 , 张长征 著
分册:  
出版信息: 北京   光明日报出版社  2021
页数: 231页
开本: 25cm
丛书名: 河海大学社科青年文库
单 册:
中图分类: F284
科图分类:
主题词: 大型建设项目--da xing jian she xiang mu--工程项目管理--研究
电子资源:
ISBN: 978-7-5194-5861-4
000 01577oam2 2200301 450
001 2159508733
005 20211011172912.0
010    @a978-7-5194-5861-4@b精装@dCNY85.00
100    @a20210531d2021 em y0chiy0120 ea
101 0  @achi
102    @aCN@b110000
105    @aa az 000yy
106    @ar
200 1  @a特大型工程投资项目的利益冲突治理现代化@Ate da xing gong cheng tou zi xiang mu de li yi chong tu zhi li xian dai hua@f贺正齐,黄德春,张长征著
210    @a北京@c光明日报出版社@d2021
215    @a231页@c图@d25cm
225 2  @a河海大学社科青年文库@Ahe hai da xue she ke qing nian wen ku
314    @a贺正齐,管理学博士,河海大学商学院师资博士后,产业经济研究所学术秘书。黄德春,教授、博导,江苏高校哲学社会科学优秀创新团队带头人。张长征,副教授、博导,河海大学商学院副院长。
320    @a有书目
330    @a本书从环境冲突、社会网络、媒介三者互动特性出发,运用风险的社会放大框架和传染病模型方法,从社会网络媒介化视角揭示重大工程环境损害的社会风险传播扩散机理,引入社会燃烧理论和深度学习模型,设计社会网络媒介化大数据驱动的社会风险预警模型,提出了相应的防范机制体系与治理框架。本书研究注重理论与实践的结合,力图通过多学科研究方法的融合提高整个社会系统防范和应对社会风险的能力,也能为相关的工程实践和政府社会风险治理提供依据与咨询建议。
461  0 @12001 @a河海大学社科青年文库
606 0  @a大型建设项目@Ada xing jian she xiang mu@x工程项目管理@x研究
690    @aF284@v5
701  0 @a贺正齐@Ahe zheng qi@4著
701  0 @a黄德春@Ahuang de chun@4著
701  0 @a张长征@Azhang chang zheng@4著
801  0 @aCN@b百万庄@c20211009
905    @b1307740-43@dF284@e1818@f4
    
    特大型工程投资项目的利益冲突治理现代化/贺正齐,黄德春,张长征著.-北京:光明日报出版社,2021
    231页:图;25cm.-(河海大学社科青年文库)
    
    
    ISBN 978-7-5194-5861-4(精装):CNY85.00
    本书从环境冲突、社会网络、媒介三者互动特性出发,运用风险的社会放大框架和传染病模型方法,从社会网络媒介化视角揭示重大工程环境损害的社会风险传播扩散机理,引入社会燃烧理论和深度学习模型,设计社会网络媒介化大数据驱动的社会风险预警模型,提出了相应的防范机制体系与治理框架。本书研究注重理论与实践的结合,力图通过多学科研究方法的融合提高整个社会系统防范和应对社会风险的能力,也能为相关的工程实践和政府社会风险治理提供依据与咨询建议。
●
相关链接 在E读中查询图书 在五车中查询图书 在当当中查询图书 在豆瓣中查询图书


正题名:特大型工程投资项目的利益冲突治理现代化     索取号:F284/1818         预约/预借

序号 登录号 条形码 馆藏地/架位号 状态 备注
1 1307740   213077409   第一样本阅览室/ [索取号:F284/1818] 在馆    
2 1307741   213077418   第一借阅区/ [索取号:F284/1818] 在馆    
3 1307742   213077427   第一借阅区/ [索取号:F284/1818] 在馆    
4 1307743   213077436   第一借阅区/ [索取号:F284/1818] 在馆    
唐山师范学院图书馆 欢迎您!
大连网信软件有限公司© 版权所有